000
00262nam a2200109Ia 4500
008
220204s9999 xx 000 0 und d
082
_a
061
_b
GOV
100
_a
Govindarajulu, I K
245
0
_a
Perfect physical fitness
260
_a
Bombay
_b
IBH
_c
1974
942
_c
BK
999
_c
29081
_d
29081